000 00856cam a22002891 4500
999 _c25390
_d25390
001 404326
003 BDDh-ASL
005 20231015030502.0
008 700427s1969 enk b 000 0 eng
010 _a 79385518
015 _aB69-05406
020 _a0042940591
040 _aDLC
_cDLC
_dDLC
_dBDDh-ASL
050 0 0 _aBL1451.2
_b.H79 1969b
082 0 0 _a294.3
_bHUB
100 1 _aHumphreys, Christmas,
_d1901-1983.
245 1 4 _aThe Buddhist way of life /
260 _aLondon :
_bpublished for the Buddhist Society by Allen & Unwin,
_c1969.
300 _a3-224 p. :
_c23 cm.
350 _a40/-
504 _aBibliographical footnotes.
650 0 _aReligious life
_xBuddhism.
650 0 _aBuddhism
_xDoctrines.
710 2 _aBuddhist Society (London, England)
906 _a7
_bcbc
_corignew
_du
_encip
_f19
_gy-gencatlg
942 _2ddc
_cBK